Bulletin of the Anthropological Survey of India.

Bibliographic Details
New Title:Human science
Previous Title:Bulletin of the Department of Anthropology
Corporate Author: Anthropological Survey of India
Format: Journal
Language:English
Published: Calcutta India : Director, Anthropological Survey of India, Indian Museum, 1964-1983.
Subjects:
Online Availability: Check for online availability

MARC

Tag First Indicator Second Indicator Subfields
LEADER 00000cas a2200000 a 4500
001 in00000392011
005 20151011114640.0
008 820820d19601982ii uu p f0uuua0eng d
010 |a  59017056  
012 |a 3  |i 8405 
022 |a 0536-6704 
035 |a (OCoLC)08705395 
035 |9 ABS0724AM 
040 |a EEM  |c EEM  |d NYS  |d IUL  |d RCS  |d DLC  |d NST  |d DLC  |d HUL  |d TXA  |d UtOrBLW 
042 |a lc 
043 |a a-ii--- 
049 |a TXAE 
050 0 0 |a DS430  |b .B84 
069 1 |a B39200000 
082 0 |a 306/.0954  |2 19 
245 0 0 |a Bulletin of the Anthropological Survey of India. 
264 1 |a Calcutta India :  |b Director, Anthropological Survey of India, Indian Museum,  |c 1964-1983. 
300 |a volumes :  |b illustrations ;  |c 28 cm. 
336 |a text  |b txt  |2 rdacontent 
337 |a unmediated  |b n  |2 rdamedia 
338 |a volume  |b nc  |2 rdacarrier 
362 0 |a Vol. 9, no. 2 (1960)-v.31 (1982). 
650 0 |a Ethnology  |z India  |x Periodicals. 
710 2 |a Anthropological Survey of India. 
780 0 0 |t Bulletin of the Department of Anthropology  |w (DLC) 84644118  |w (OCoLC)8705442 
785 0 0 |t Human science  |w (DLC)sn 85011892 
890 |a Bulletin of the Anthropological Survey of India. 
999 |a MARS 
999 f f |s 719f5cb9-47b0-3444-9034-3502381b9b2f  |i abef42c8-4b39-32a2-af9b-c59e6fb27c05  |t 0 
952 f f |p ric  |a Texas A&M University  |b Rellis Campus  |c Joint Library Facility  |d Remote Storage  |t 0  |e DS430 .B84  |h Library of Congress classification  |i unmediated -- volume  |k v.11 -v.12  |l 1962-1963  |m A14821563379 
952 f f |p ric  |a Texas A&M University  |b Rellis Campus  |c Joint Library Facility  |d Remote Storage  |t 0  |e DS430 .B84  |h Library of Congress classification  |i unmediated -- volume  |k v.31:no.1/2  |l 1982:Jan./June  |m A14821563387 
952 f f |p ric  |a Texas A&M University  |b Rellis Campus  |c Joint Library Facility  |d Remote Storage  |t 0  |e DS430 .B84  |h Library of Congress classification  |i unmediated -- volume  |k v.13 -v.15  |l 1964-1966  |m A14821563248 
952 f f |p ric  |a Texas A&M University  |b Rellis Campus  |c Joint Library Facility  |d Remote Storage  |t 0  |e DS430 .B84  |h Library of Congress classification  |i unmediated -- volume  |k v.25  |l 1976  |m A14850920944 
952 f f |p ric  |a Texas A&M University  |b Rellis Campus  |c Joint Library Facility  |d Remote Storage  |t 0  |e DS430 .B84  |h Library of Congress classification  |i unmediated -- volume  |k v.17 -v.18  |l 1968-1969  |m A14821563298 
952 f f |p ric  |a Texas A&M University  |b Rellis Campus  |c Joint Library Facility  |d Remote Storage  |t 0  |e DS430 .B84  |h Library of Congress classification  |i unmediated -- volume  |k v.22 -v.24  |l 1973-1975  |m A14821563311 
952 f f |p ric  |a Texas A&M University  |b Rellis Campus  |c Joint Library Facility  |d Remote Storage  |t 0  |e DS430 .B84  |h Library of Congress classification  |i unmediated -- volume  |k v.26-.27  |l 1977-1978  |m A14821563345 
952 f f |p ric  |a Texas A&M University  |b Rellis Campus  |c Joint Library Facility  |d Remote Storage  |t 0  |e DS430 .B84  |h Library of Congress classification  |i unmediated -- volume  |k v.9 -v.10  |l 1960-1961  |m A14821593154 
952 f f |p ric  |a Texas A&M University  |b Rellis Campus  |c Joint Library Facility  |d Remote Storage  |t 0  |e DS430 .B84  |h Library of Congress classification  |i unmediated -- volume  |k v.16  |l 1967  |m A14821563256 
952 f f |p ric  |a Texas A&M University  |b Rellis Campus  |c Joint Library Facility  |d Remote Storage  |t 0  |e DS430 .B84  |h Library of Congress classification  |i unmediated -- volume  |k v.19 -v.21  |l 1970-1972  |m A14821563303 
952 f f |p ric  |a Texas A&M University  |b Rellis Campus  |c Joint Library Facility  |d Remote Storage  |t 0  |e DS430 .B84  |h Library of Congress classification  |i unmediated -- volume  |k v.28 -v.30  |l 1979-1981  |m A14821563353 
998 f f |a DS430 .B84  |s v.31:no.1-2 (1982:Jan.-June)  |t 0  |l Remote Storage